000 00520nam a2200193Ia 4500
003 GCL
008 140319s9999 xx 000 0 eng d
040 _aGCL /
_cGCL
082 0 4 _a368.593
_bS A
100 1 _aSALAH EL-DIN, ADEL
245 1 0 _aAVIATION INSURANCE PRACTICE, LAW AND REINSURANCE /
_cSALAH EL-DIN, ADEL
260 _a[S.N] :
_bOCEAN INVESTMENT & MANAGEMENT LTD. ،
_c1989
300 _a493 P
650 0 4 _aLOW
650 0 4 _aAVIATION
650 0 4 _aREINSURANCE
650 0 4 _aINSURANCE
942 _2ddc
_cBK
999 _c16892
_d16892